ბათუმის შოთა რუსთაველის სახელმწიფო უნივერსიტეტის ბიბლიოთეკა

Нефтяная промышленность Африки, Австралии, Латинской Америки и Канады. (ბიბ.ჩანაწერი № 42587)

000 -LEADER
fixed length control field 00731nam a2200205Ia 4500
001 - CONTROL NUMBER
control field 9290
003 - CONTROL NUMBER IDENTIFIER
control field GE_BSU
008 - FIXED-LENGTH DATA ELEMENTS--GENERAL INFORMATION
fixed length control field 181216s||||||||xx |||||||||||||| ||und||
040 ## - CATALOGING SOURCE
Transcribing agency GE_BSU
080 ## - UNIVERSAL DECIMAL CLASSIFICATION NUMBER
Universal Decimal Classification number 622.32(6)
100 ## - MAIN ENTRY--PERSONAL NAME
Personal name Лисичкин,С.М.
245 ## - TITLE STATEMENT
Title Нефтяная промышленность Африки, Австралии, Латинской Америки и Канады.
245 ## - TITLE STATEMENT
Statement of responsibility, etc. Ред.И.Д.Корягин.
260 ## - PUBLICATION, DISTRIBUTION, ETC.
Place of publication, distribution, etc. М.
260 ## - PUBLICATION, DISTRIBUTION, ETC.
Name of publisher, distributor, etc. Недра.
260 ## - PUBLICATION, DISTRIBUTION, ETC.
Date of publication, distribution, etc. 1964.
300 ## - PHYSICAL DESCRIPTION
Extent 280 стр. 21см. Библиогр.:стр.279-281.
653 ## - INDEX TERM--UNCONTROLLED
Uncontrolled term Нефтяная промышленность Африки, Австралии, Латинской Америки и Канады.
942 ## - ADDED ENTRY ELEMENTS (KOHA)
Koha item type წიგნი
ეგზემპლარები
Withdrawn status Lost status Damaged status Not for loan Date acquired Barcode Date last seen Price effective from Koha item type
        2018-12-17 10202 2018-12-17 2018-12-17 წიგნი